<?xml version="1.0" encoding="UTF-8"?>
<record
    xmlns:xsi="http://www.w3.org/2001/XMLSchema-instance"
    xsi:schemaLocation="http://www.loc.gov/MARC21/slim http://www.loc.gov/standards/marcxml/schema/MARC21slim.xsd"
    xmlns="http://www.loc.gov/MARC21/slim">

  <leader>00539nam a22002297a 4500</leader>
  <datafield tag="999" ind1=" " ind2=" ">
    <subfield code="c">3956</subfield>
    <subfield code="d">3956</subfield>
  </datafield>
  <controlfield tag="003">Nust</controlfield>
  <controlfield tag="005">20170613085754.0</controlfield>
  <controlfield tag="008">161130b        xxu||||| |||| 00| 0 eng d</controlfield>
  <datafield tag="020" ind1=" " ind2=" ">
    <subfield code="a"> 978-9623161015</subfield>
  </datafield>
  <datafield tag="020" ind1=" " ind2=" ">
    <subfield code="a">9623161018</subfield>
  </datafield>
  <datafield tag="040" ind1=" " ind2=" ">
    <subfield code="c">Nust</subfield>
  </datafield>
  <datafield tag="041" ind1=" " ind2=" ">
    <subfield code="h">urdu</subfield>
  </datafield>
  <datafield tag="082" ind1=" " ind2=" ">
    <subfield code="a">891.4391</subfield>
    <subfield code="b">HAQ</subfield>
  </datafield>
  <datafield tag="100" ind1=" " ind2=" ">
    <subfield code="a">Aleem-ul-Haq Haqqi</subfield>
    <subfield code="9">1182</subfield>
  </datafield>
  <datafield tag="245" ind1=" " ind2=" ">
    <subfield code="a">Ishq Ka Sheen (1,2)</subfield>
  </datafield>
  <datafield tag="260" ind1=" " ind2=" ">
    <subfield code="a">Lahore;</subfield>
    <subfield code="b">H &amp; H publisher,</subfield>
    <subfield code="c">2009</subfield>
  </datafield>
  <datafield tag="300" ind1=" " ind2=" ">
    <subfield code="a">607p.</subfield>
  </datafield>
  <datafield tag="500" ind1=" " ind2=" ">
    <subfield code="a">Novel</subfield>
  </datafield>
  <datafield tag="650" ind1=" " ind2=" ">
    <subfield code="a">Urdu-Literature</subfield>
    <subfield code="9">347</subfield>
  </datafield>
  <datafield tag="880" ind1=" " ind2=" ">
    <subfield code="a">(1-2)&#x639;&#x634;&#x642; &#x6A9;&#x627; &#x634;&#x6CC;&#x646;</subfield>
    <subfield code="6">245-02\(3\r</subfield>
    <subfield code="c">&#x639;&#x644;&#x6CC;&#x645; &#x627;&#x644;&#x62D;&#x642; &#x62D;&#x642;&#x6CC;</subfield>
  </datafield>
  <datafield tag="880" ind1=" " ind2=" ">
    <subfield code="a">&#x639;&#x644;&#x6CC;&#x645; &#x627;&#x644;&#x62D;&#x642; &#x62D;&#x642;&#x6CC;</subfield>
    <subfield code="6">100-01\(3\r</subfield>
  </datafield>
  <datafield tag="880" ind1=" " ind2=" ">
    <subfield code="a">&#x644;&#x627;&#x6C1;&#x648;&#x631;:</subfield>
    <subfield code="6">260-03\(3\r</subfield>
    <subfield code="b">&#x627;&#x6CC;&#x686; &#x627;&#x6CC;&#x646;&#x688; &#x627;&#x6CC;&#x686; &#x67E;&#x628;&#x644;&#x634;&#x631;&#x632;&#x60C;</subfield>
    <subfield code="c">2009.</subfield>
  </datafield>
  <datafield tag="942" ind1=" " ind2=" ">
    <subfield code="2">ddc</subfield>
    <subfield code="c">BK</subfield>
  </datafield>
  <datafield tag="952" ind1=" " ind2=" ">
    <subfield code="0">0</subfield>
    <subfield code="1">0</subfield>
    <subfield code="2">ddc</subfield>
    <subfield code="4">0</subfield>
    <subfield code="7">0</subfield>
    <subfield code="a">CL</subfield>
    <subfield code="b">CL</subfield>
    <subfield code="c">FIC</subfield>
    <subfield code="d">2016-11-30</subfield>
    <subfield code="l">2</subfield>
    <subfield code="m">2</subfield>
    <subfield code="o">891.4393 HAQ</subfield>
    <subfield code="p">CL1932</subfield>
    <subfield code="r">2021-11-07</subfield>
    <subfield code="s">2018-06-08</subfield>
    <subfield code="t">2</subfield>
    <subfield code="w">2016-11-30</subfield>
    <subfield code="y">BK</subfield>
  </datafield>
  <datafield tag="952" ind1=" " ind2=" ">
    <subfield code="0">0</subfield>
    <subfield code="1">0</subfield>
    <subfield code="2">ddc</subfield>
    <subfield code="4">0</subfield>
    <subfield code="7">0</subfield>
    <subfield code="a">CL</subfield>
    <subfield code="b">CL</subfield>
    <subfield code="c">FIC</subfield>
    <subfield code="d">2016-11-30</subfield>
    <subfield code="l">7</subfield>
    <subfield code="m">2</subfield>
    <subfield code="o">891.4393 HAQ</subfield>
    <subfield code="p">CL1933</subfield>
    <subfield code="r">2025-09-23</subfield>
    <subfield code="s">2025-08-29</subfield>
    <subfield code="t">2</subfield>
    <subfield code="w">2016-11-30</subfield>
    <subfield code="y">BK</subfield>
  </datafield>
</record>
